| 000 | 00678nam a22002297a 4500 | ||
|---|---|---|---|
| 003 | OSt | ||
| 005 | 20240411074019.0 | ||
| 008 | 210326b 2017 dr j00| 0 eng d | ||
| 020 | _a9789993403425 | ||
| 040 |
_aDO-SdBNP _bspa _cBNPHU |
||
| 082 | 4 |
_aRD 863.44 _bS787m 2017 _222 |
|
| 100 | 1 |
_aStanley, Avelino, _d1959- _91536 |
|
| 245 | 1 | 0 |
_aLa máscara del tiempo / _cAvelino Stanley. |
| 250 | _a6a. ed. | ||
| 260 |
_aSanto Domingo : _bCocolo Editorial, _c2017 |
||
| 300 |
_a87 p. ; _c23 cm. |
||
| 590 | _aInventariado, 2021 /LP | ||
| 650 | 0 |
_aCuentos dominicanos _9176 |
|
| 650 | 4 |
_aLiteratura dominicana _978295 |
|
| 910 | _aValidado. Control de calidad MFF | ||
| 942 |
_2ddc _cLBS1 |
||
| 999 |
_c49703 _d49703 |
||